000 00485nam a2200181Ia 4500
008 230711s9999||||xx |||||||||||||| ||und||
020 _a978-93-272-4215-7
041 _aENG
082 _a658.4034
_bCH-O
100 _aChawla,K.K
245 0 _aOperation Research
_bQuantitiave Analysis for Management
250 _a1st Ed.
260 _c1996
_aNew Delhi
_bKalyani Publishers House
300 _a26.22p.
650 _aUNIVESITY BUSNIESS SCHOOL
700 _aGupta,Vijay
942 _cBK
999 _c6791
_d6791